Top 5 Movies at the U.S. Box Office by Category - Statistics

General Stats
  • This quiz has been taken 158 times
  • The average score is 20 of 37
Answer Stats
Answer % Correct
The Dark Knight
82%
The Dark Knight Rises
81%
Avengers: Endgame
79%
Avengers: Infinity War
79%
Batman Begins
79%
Spiderman: No Way Home
76%
Jaws
70%
Rogue One: A Star Wars Story
68%
Star Wars Episode VIII - The Last Jedi
68%
Star Wars Episode VII - The Force Awakens
68%
Titanic
68%
E. T. the Extra-Terrestrial
65%
The Lord of the Rings: The Return of the King
64%
Jurassic Park
63%
Avatar
60%
Jurassic World
58%
Oppenheimer
58%
Gone with the Wind
57%
The Hobbit: An Unexpected Journey
57%
Inception
54%
Raiders of the Lost Ark
51%
Harry Potter and the Deathly Hallows – Part 2
50%
Harry Potter and the Order of the Phoenix
50%
Harry Potter and the Sorcerer’s Stone
50%
Forrest Gump
45%
The Exorcist
44%
Black Panther
43%
Indiana Jones and the Kingdom of the Crystal Skull
42%
It
41%
It Chapter Two
41%
Inside Out 2
38%
The Lion King
36%
Deadpool & Wolverine
35%
Incredibles 2
27%
The Super Mario Bros. Movie
22%
Finding Dory
21%
The Sixth Sense
20%
No matching quizzes found
Score Distribution
Percent of People with Each Score
Percentile by Number Answered
Your Score History
You have not taken this quiz